مكتبة جامعة عجلون الوطنية

فهرس بحث المكتبة

Normal view MARC view
  • الإسكافي، أبي عبدالله محمد بن عبدالله الخطيب؛ تحقيق وتعليق يحيى القاسم

Entry Personal Name

Number of records used in: 1

001 - CONTROL NUMBER

  • control field: 34877

003 - CONTROL NUMBER IDENTIFIER

  • control field: JO-AjAnu

005 - DATE AND TIME OF LATEST TRANSACTION

  • control field: 20230606075834.0

008 - FIXED-LENGTH DATA ELEMENTS

  • fixed length control field: 230606|| aca||aabn | a|a d

040 ## - CATALOGING SOURCE

  • Original cataloging agency: JO-AjAnu
  • Transcribing agency: JO-AjAnu

100 ## - HEADING--PERSONAL NAME

  • Personal name: الإسكافي، أبي عبدالله محمد بن عبدالله الخطيب؛ تحقيق وتعليق يحيى القاسم

670 ## - SOURCE DATA FOUND

  • Source citation: Work cat.: (JO-AjAnu)17911: الإسكافي، أبي عبدالله محمد بن عبدالله الخطيب؛ تحقيق وتعليق يحيى القاسم, author, شرح أبيات مبادىء اللغة